000 00287nam a22001337a 4500
082 _a920
_bKRI/M
100 _aKRISHNAMURTHY,BABU
245 _aMADAM BHIKAIJI RUSTUM CAMA
250 _aFIRST
260 _aBANGALORE
_c2003
300 _a45
650 _aBIOGRAPHY
_zBANGALORE
942 _cBK
999 _c6158
_d6158